000 00426nam a2200157Ia 4500
008 221030s9999 xx 000 0 und d
020 _a8120307520
041 _aEnglish
100 _aA. D. Helfrick
245 0 _aModern Electronic Instrumentation & Measurement Techniques
_cby A. D. Helfrick, W. D. Cooper
260 _bPHI
_aNew Delhi
_c2014
300 _a445
650 _aBB ECE
700 _aW. D. Cooper
942 _cBK
999 _c15249
_d15249